[Event "EU-ch 11th"]
[Site "Rijeka"]
[Date "2010.03.16"]
[Round "10"]
[White "Sebenik, Matej"]
[Black "Guseinov, Gadir"]
[Result "0-1"]
[WhiteElo "2504"]
[BlackElo "2609"]
[Annotator "Mikhalchishin,A"]
[PlyCount "64"]
[EventDate "2010.03.06"]
[EventType "swiss"]
[EventRounds "11"]
[EventCountry "CRO"]
[SourceTitle "CBM 136"]
[Source "ChessBase"]
[SourceDate "2010.05.18"]
[SourceVersion "1"]
[SourceVersionDate "2010.05.18"]
[SourceQuality "1"]

1. d4 d6 2. Nf3 g6 3. c4 Bg7 4. g3 Nd7 5. Bg2 e5 6. Nc3 Ne7 {Black tries to
play a flexible King's Indian structure, with the idea to win some important
tempi after a possible d4-d5. But this kind of over-clever play creates a
feeling of passivity.} 7. O-O O-O 8. e4 exd4 ({Here there exists a passive but
very solid plan to close the centre:} 8... c5 9. d5 a6 10. a3 h6 11. Ne1 b5 12.
cxb5 ({better was} 12. Nc2 bxc4 13. Ne3) 12... axb5 13. Nc2 b4 14. axb4 Rxa1
15. Nxa1 cxb4 16. Na4 Ba6 17. Re1 Qa5 18. b3 f5 19. Nc2 fxe4 20. Rxe4 Nf6 {
0-1 Markos,J (2559)-Zilberman,Y (2473)/Pardubice CZE 2007. with a very good
black position.}) ({Sometimes the slow} 8... h6 {is played:} 9. h3 (9. dxe5
dxe5 10. b3 Nc6 11. Ba3 Re8 $13) 9... f5 10. dxe5 dxe5 11. exf5 gxf5 12. Nh4 $1
$14 c6 13. Qe2 (13. Qh5 $5 Nf6 14. Qe2 $16) 13... Nc5 14. Be3 Ne6 15. f4 $1
exf4 (15... Nd4 $2 16. Qf2 $16) 16. gxf4 Qc7 17. Rad1 Rf6 18. Qd2 (18. Qf2 $5
b6 $140 $2 19. Nb5 $18) 18... Ng6 19. Nxg6 Rxg6 20. Kh1 Nf8 21. Bf3 (21. Qd8 $5
) 21... Be6 22. Bh5 (22. b3 $5 Qa5 23. Na4 $14) 22... Bxc4 23. Bxg6 Bxf1 24.
Bxf5 Qf7 $3 $14 {1/2 Csom,I-Ljubojevic,L/Nice 1974}) 9. Nxd4 Nc6 ({A King's
Indian approach is applied here also by} 9... a5 10. Ndb5 Ne5 11. c5 dxc5 12.
Qxd8 Rxd8 13. Nxc7 Rb8 14. Bg5 f6 15. Be3 b6 16. h3 Nc4 17. Bf4 g5 18. Bc1 Rd7
19. N7d5 Nxd5 20. Nxd5 Bb7 21. b3 Bxd5 22. exd5 Nd6 23. Re1 Re8 24. Bd2 Kf7 {
In the endgame Black can be satisfied with his knight on d6.}) 10. Nde2 ({
Black's tricky idea is well rewarded in the event of the normal} 10. Be3 Nde5
11. b3 Ng4) ({But, maybe, the most logical retreat would be} 10. Nc2 {, but in
such cases, White often is afraid of the bishop exchange on c3. But it is a
matter of taste.} a5 (10... Re8 11. Ne3 Nc5 12. f3 a5 13. Rb1 Nd4 14. Nc2 Nc6
15. Be3 Be6 16. Nd5 Ne5 17. b3 Ned3 18. Qd2 c6 19. Nf4 Nxf4 20. Bxf4 d5 21.
cxd5 cxd5 22. exd5 Qxd5 23. Qxd5 Bxd5 $11 {1/2 Lahiri,A (2361)-Gagunashvili,M 
(2574)/Dahka BAN 2009 (38)}) 11. f4 Nc5 12. Be3 Re8 13. e5 $6 (13. Bxc5 dxc5
14. e5 Nd4 15. Ne4 $14) 13... Na6 14. Nd4 Nab4 15. a3 (15. Nxc6 Nxc6 16. Qf3
dxe5 17. Rad1 Bd7 $15) 15... dxe5 16. fxe5 Nxe5 $2 (16... Nxd4 $5 17. Bxd4 Nc6
18. Bxc6 bxc6 19. Ne4 Bg4 $1 $15) 17. axb4 Ng4 (17... Nxc4 18. Bf2 Nxb2 19. Qc2
Bxd4 20. Qxb2 $16) 18. Nc2 Bf5 19. Rxf5 $16 {0-1 Iturrizaga,E (2528)-Hillarp
Persson,T (2586)/Wijk aan Zee NED 2009}) ({Completely different structures
arise after the exchange on c6; the greatest master of them is Azmaiparashvili.
} 10. Nxc6 bxc6 11. Qc2 Qf6 (11... Ne5 12. c5 Rb8 (12... g5 13. h3 Qf6 14. f4
gxf4 15. gxf4 Ng6 16. e5 dxe5 17. f5 Nf4 18. Bxf4 exf4 19. Rxf4 Rb8 20. Raf1
Kh8 $13 {0-1 Verat,L (2357)-Foisor,C (2411)/Guingamp FRA 2005}) 13. f4 Nc4 14.
Rd1 d5 15. b3 Qe7 16. bxc4 Qxc5+ 17. Kh1 Qxc4 18. e5 d4 19. Qe4 (19. Bd2 Bf5
20. Qc1 dxc3 21. Qxc3 {with equal chances.}) 19... Qxc3 $17 {0-1 Borges Mateos,
J (2467)-Nisipeanu,L (2679)/Barcelona ESP 2005}) 12. Bd2 (12. Ne2 Re8 13. Rb1
Qe7 14. Be3 Ne5 15. Bd4 c5 16. Bc3 Bb7 17. Nf4 Nc6 18. Nd5 Qd8 19. Bxg7 Kxg7
20. b4 cxb4 21. Nxb4 Nd4 22. Qb2 $11 c5 {1/2 Grunberg,M (2439)-Nanu,C (2505)/
Bucharest ROM 2007}) 12... Ne5 {promised to Black very active counterplay.})
10... a5 11. Be3 ({More cautious is} 11. h3 Nc5 (11... a4 12. Rb1 Nc5 13. Be3
Re8 14. b4 axb3 15. axb3 Bd7 16. b4 Ne6 17. f4 Nf8 18. c5 dxc5 19. bxc5 Qc8 20.
Kh2 Be6 21. Qc2 Bc4 22. Rfd1 Bxe2 23. Nxe2 Ra3 24. Bc1 Ra7 25. e5 Ne6 26. Nc3
$16 {0-1 Uhlmann,W (2412)-Tseshkovsky,V (2554)/Dresden GER 2010}) 12. Be3 Re8
13. f4 Be6 (13... a4 14. Rc1 Be6 15. b3 Nb4 16. Rb1 axb3 17. axb3 c6 18. Bd4
Bxd4+ 19. Nxd4 Bc8 20. Qd2 Qb6 21. Kh2 Ncd3 22. Nde2 Qd8 23. Na4 f5 24. exf5
Bxf5 25. g4 Bxg4 (25... Be4 {is simpler and safer.}) 26. hxg4 Qh4+ 27. Kg1 Qxg4
28. Rf3 $16 {1-0 Bocharov,D (2574)-Tkachiev,V (2625)/Kazan RUS 2005}) 14. b3
Nxe4 15. Bxe4 Bf5 (15... Bxh3 $5) 16. Bxf5 Rxe3 17. Nd5 Rxe2 18. Qxe2 Nd4 19.
Qd3 Nxf5 20. g4 $2 (20. Rae1 $16) 20... Bxa1 21. Rxa1 c6 $17 {0-1 Vakhidov,T 
(2517)-Nisipeanu,L (2692)/Dubai UAE 2004}) ({In Predrag Nikolic style White
could play} 11. Rb1 Nc5 12. b3 f5 13. Be3 Nxe4 14. Nxe4 fxe4 15. Bxe4 Qe7 16.
Bd5+ Kh8 17. Qd2 Bf5 18. Rbc1 Rae8 19. Nd4 Nxd4 20. Bxd4 b6 21. Bc6 Rd8 22.
Rce1 Qf7 23. Re3 $16 {1/2 Maiorov,N (2510)-Belov,V (2619)/Rijeka 2010 (56)}) ({
A similar idea I like even more:} 11. b3 Nc5 12. Be3 a4 13. Rb1 axb3 14. axb3
f5 15. b4 Nxe4 16. Nxe4 fxe4 17. Nf4 Bf5 18. Qd5+ Kh8 19. Bxe4 Qe8 20. Bxf5
Rxf5 21. Qg2 Ne5 22. Qxb7 Nxc4 23. Ne6 Rb5 24. Qf3 {1/2 Drasko,M (2540)
-Sebenik,M (2479)/Bled SLO 2008. with a slight advantage.}) 11... Nde5 12. b3
f5 13. exf5 Bxf5 14. Qd2 ({Much safer would be} 14. h3 Nb4 15. Nd4 Bd7 16. a3
Na6 17. Ra2 Kh8 18. Rd2 Nc5 19. f4 Nc6 20. Ndb5 Rf7 21. Nd5 Rc8 22. Ndxc7 {
1-0 Fominyh,A (2552)-Gelman,A (2469)/Moscow 1999/CBM 075}) (14. Qd5+ {would be
a bit illogical:} Kh8 15. Nf4 Nb4 16. Qd2 a4 $1 {and Black would obtain
serious counterplay on the other side.}) 14... Qd7 15. Rad1 $5 ({It was
possible to exchange bishops:} 15. Bh6 Rae8 16. Bxg7 Qxg7 17. Nd5 $2 (17. f4
Ng4 18. Nd5 {led to a slightly better play.}) 17... Bg4 18. f4 Nxc4 $1 19. bxc4
Rxe2 20. Qc3 Nd4 21. h3 Bf5 (21... Rc2 $19) 22. Rad1 c5 $17 {1/2 Maiorov,N 
(2510)-Mamedov,R (2639)/Rijeka CRO 2010}) (15. Nd4) ({Very normal and logical
was} 15. Nd4 Bh3 16. f4 Bxg2 17. Kxg2 Ng4 18. Bg1 {with a slightly better
position.}) 15... Rae8 (15... a4 $5 {was logical, as it is useful to create
some weakness on the other side.}) 16. Nd5 (16. c5 $1 {Strange that White
forgets about the main idea of the middlegame - to create a weakness in his
opponent's position.} dxc5 17. Bxc5 Qxd2 18. Rxd2 Rf7 19. Bd5 Be6 20. f4 Bxd5
21. Nxd5 Ng4 22. Nec3 b6 23. Bf2 {with equal play.}) 16... Bh3 17. f4 (17. f3 {
was possible, but too modest.}) 17... Bxg2 18. Kxg2 Ng4 19. Bg1 Nb4 $5 ({
The risky} 19... Qf5 20. Nec3 Rf7 21. Rfe1 {would give White a nice advantage.}
) 20. h3 ({The simple centralising move} 20. Rfe1 $1 {would allow White to be
satisfied with his position.}) 20... Nxd5 (20... Nf6 21. Nec3 Nbxd5 22. Nxd5
Ne4 23. Qxa5 c6 24. Nb6 Qf7 {would give Black some compensation for the pawn,
but still a pawn is a pawn and no dangerous threats are in sight.}) 21. Qxd5+
Kh8 22. Qf3 {Risky.} (22. Rfe1 Ne3+ 23. Bxe3 Rxe3 24. Ng1 c6 25. Qd2 {would
give White a nice comfortable advantage, because of the d6-weakness.}) 22...
Ne5 23. Qd5 {This means that White if dreaming of a repetition.} Rf5 24. Rfe1
$6 (24. Bd4 $1 {would be logical - the exchange of a passive piece.}) 24... Rh5
25. h4 (25. f5 Rxf5 26. Nf4 b6 {was not sufficient to fight Black's initiative.
}) 25... Qg4 26. Bf2 $2 ({The best chance to fight was} 26. Bd4 c6 27. Qe4 Rxh4
28. Rh1 {and the position is full of life and tactics. But White can look
optimistically into the future.}) 26... Rxh4 27. Ng1 Rf8 28. Be3 g5 $5 (28...
Rh5 {was possible, but Black wants to continue his direct attack.}) 29. fxg5 $2
(29. Rf1 {was a more stubborn defence. After the text move Black's attack
becomes decisive.}) 29... c6 $1 30. Qd4 Nf3 $1 31. Qxg4 Rh2+ 32. Kf1 Nd2# 0-1

[Event "World Women-ch k.o."]
[Site "Antakya"]
[Date "2010.12.07"]
[Round "2.1"]
[White "Cmilyte, Viktorija"]
[Black "Paehtz, Elisabeth"]
[Result "0-1"]
[WhiteElo "2514"]
[BlackElo "2474"]
[Annotator "Mikhalchishin,A"]
[PlyCount "92"]
[EventDate "2010.12.04"]
[EventType "k.o."]
[EventRounds "6"]
[EventCountry "TUR"]
[SourceTitle "CBM 140"]
[Source "ChessBase"]
[SourceDate "2011.01.18"]
[SourceVersion "1"]
[SourceVersionDate "2011.01.18"]
[SourceQuality "1"]

1. c4 d6 2. Nc3 Nd7 3. g3 g6 4. Nf3 Bg7 5. Bg2 e5 6. d4 Ne7 {Paehtz tries to
play a flexible King's Indian structure, with the idea to avoid the main
theoretical lines, especially when the second of Cmilyte is the trainer of
Anand and Carlsen: Peter Heine Nielsen!} 7. O-O O-O 8. e4 exd4 ({Here there is
a passive but very solid plan to close the centre:} 8... c5 9. d5 a6 10. a3 h6
11. Ne1 b5 12. cxb5 ({better was} 12. Nc2 bxc4 13. Ne3) 12... axb5 13. Nc2 b4
14. axb4 Rxa1 15. Nxa1 cxb4 16. Na4 Ba6 17. Re1 Qa5 18. b3 f5 19. Nc2 fxe4 20.
Rxe4 Nf6 {0-1 Markos,J (2559)-Zilberman,Y (2473)/Pardubice CZE 2007. With a
very good position for Black.}) ({Sometimes we see the slow} 8... h6 9. h3 (9.
dxe5 dxe5 10. b3 Nc6 11. Ba3 Re8 $13) 9... f5 10. dxe5 dxe5 11. exf5 gxf5 12.
Nh4 $1 $14 c6 13. Qe2 (13. Qh5 $5 Nf6 14. Qe2 $16) 13... Nc5 14. Be3 Ne6 15. f4
$1 exf4 (15... Nd4 $2 16. Qf2) 16. gxf4 Qc7 17. Rad1 Rf6 18. Qd2 (18. Qf2 $5 b6
$140 $2 19. Nb5 $18) 18... Ng6 19. Nxg6 Rxg6 20. Kh1 Nf8 21. Bf3 (21. Qd8 $5)
21... Be6 22. Bh5 (22. b3 $5 Qa5 23. Na4 $14) 22... Bxc4 23. Bxg6 Bxf1 24. Bxf5
Qf7 $3 $14 {1/2 Csom,I-Ljubojevic,L/Nice 1974}) 9. Nxd4 Nc6 {A very aggressive
quasi King's Indian set up, favoured by Caucasian players and, especially by
Zurab Azmaiparashvili.} ({The King's Indian approach is applied here either} 
9... a5 10. Ndb5 Ne5 11. c5 dxc5 12. Qxd8 Rxd8 13. Nxc7 Rb8 14. Bg5 f6 15. Be3
b6 16. h3 Nc4 17. Bf4 g5 18. Bc1 Rd7 19. N7d5 Nxd5 20. Nxd5 Bb7 21. b3 Bxd5 22.
exd5 Nd6 23. Re1 Re8 24. Bd2 Kf7 {in the endgame Black can be satisfied with
the knight on d6.}) 10. Nde2 ({Black's tricky idea is well rewarded in the
event of the normal} 10. Be3 Nde5 11. b3 Ng4) ({But, maybe, the most logical
retreat would be} 10. Nc2 {, but in such cases White often is afraid of a
bishop exchange on c3. But this is a matter of taste.} a5 (10... Re8 11. Ne3
Nc5 12. f3 a5 13. Rb1 Nd4 14. Nc2 Nc6 15. Be3 Be6 16. Nd5 Ne5 17. b3 Ned3 18.
Qd2 c6 19. Nf4 Nxf4 20. Bxf4 d5 21. cxd5 cxd5 22. exd5 Qxd5 23. Qxd5 Bxd5 $11 {
1/2 Lahiri,A (2361)-Gagunashvili,M (2574)/Dahka BAN 2009 (38)}) 11. f4 Nc5 12.
Be3 Re8 13. e5 $6 (13. Bxc5 dxc5 14. e5 Nd4 15. Ne4 $14) 13... Na6 14. Nd4 Nab4
15. a3 (15. Nxc6 Nxc6 16. Qf3 dxe5 17. Rad1 Bd7 $15) 15... dxe5 16. fxe5 Nxe5
$2 (16... Nxd4 $5 17. Bxd4 Nc6 18. Bxc6 bxc6 19. Ne4 Bg4 $1 $15) 17. axb4 Ng4 (
17... Nxc4 18. Bf2 Nxb2 19. Qc2 Bxd4 20. Qxb2 $16) 18. Nc2 Bf5 19. Rxf5 $16 {
0-1 Iturrizaga,E (2528)-Hillarp Persson,T (2586)/Wijk aan Zee NED 2009}) ({
A completely different structure arises after the exchange on c6, the greatest
master of which is IGM Azmaiparashvili:} 10. Nxc6 bxc6 11. Qc2 Qf6 (11... Ne5
12. c5 Rb8 (12... g5 13. h3 Qf6 14. f4 gxf4 15. gxf4 Ng6 16. e5 dxe5 17. f5 Nf4
18. Bxf4 exf4 19. Rxf4 Rb8 20. Raf1 Kh8 $13 {0-1 Verat,L (2357)-Foisor,C (2411)
/Guingamp FRA 2005}) 13. f4 Nc4 14. Rd1 d5 15. b3 Qe7 16. bxc4 Qxc5+ 17. Kh1
Qxc4 18. e5 d4 19. Qe4 (19. Bd2 Bf5 20. Qc1 dxc3 21. Qxc3 {with equal chances.}
) 19... Qxc3 $17 {0-1 Borges Mateos,J (2467)-Nisipeanu,L (2679)/Barcelona ESP
2005}) 12. Bd2 (12. Ne2 Re8 13. Rb1 Qe7 14. Be3 Ne5 15. Bd4 c5 16. Bc3 Bb7 17.
Nf4 Nc6 18. Nd5 Qd8 19. Bxg7 Kxg7 20. b4 cxb4 21. Nxb4 Nd4 22. Qb2 $11 c5 {
1/2 Grunberg,M (2439)-Nanu,C (2505)/Bucharest ROM 2007}) 12... Ne5 {promised
Black very active counterplay.}) 10... a5 11. Rb1 (11. Be3 Nde5 12. b3 f5 13.
exf5 Bxf5 14. Qd2 ({Much safer would be} 14. h3 Nb4 15. Nd4 Bd7 16. a3 Na6 17.
Ra2 Kh8 18. Rd2 Nc5 19. f4 Nc6 20. Ndb5 Rf7 21. Nd5 Rc8 22. Ndxc7 {1-0 Fominyh,
A (2552)-Gelman,A (2469)/Moscow 1999/CBM 075}) ({The check} 14. Qd5+ {was
slightly illogical:} Kh8 15. Nf4 Nb4 16. Qd2 a4 $1 {and Black would obtain
serious counterplay on the other side.}) 14... Qd7 15. Rad1 $5 {0-1 Sebenik,
M-Guseinov,G/Rijeka 2010/[Mikhalchishin]} ({It was possible to exchange
bishops:} 15. Bh6 Rae8 16. Bxg7 Qxg7 17. Nd5 $2 (17. f4 Ng4 18. Nd5 {led to
slightly better play.}) 17... Bg4 18. f4 Nxc4 $1 19. bxc4 Rxe2 20. Qc3 Nd4 21.
h3 Bf5 (21... Rc2 $19) 22. Rad1 c5 $17 {1/2 Maiorov,N (2510)-Mamedov,R (2639)/
Rijeka CRO 2010}) (15. Nd4) ({There was the very normal and logical s} 15. Nd4
Bh3 16. f4 Bxg2 17. Kxg2 Ng4 18. Bg1 {with a slightly better position.})) ({
More cautious is} 11. h3 Nc5 (11... a4 12. Rb1 Nc5 13. Be3 Re8 14. b4 axb3 15.
axb3 Bd7 16. b4 Ne6 17. f4 Nf8 18. c5 dxc5 19. bxc5 Qc8 20. Kh2 Be6 21. Qc2 Bc4
22. Rfd1 Bxe2 23. Nxe2 Ra3 24. Bc1 Ra7 25. e5 Ne6 26. Nc3 $16 {0-1 Uhlmann,W 
(2412)-Tseshkovsky,V (2554)/Dresden GER 2010}) 12. Be3 Re8 13. f4 Be6 (13... a4
14. Rc1 Be6 15. b3 Nb4 16. Rb1 axb3 17. axb3 c6 18. Bd4 Bxd4+ 19. Nxd4 Bc8 20.
Qd2 Qb6 21. Kh2 Ncd3 22. Nde2 Qd8 23. Na4 f5 24. exf5 Bxf5 25. g4 Bxg4 (25...
Be4 {is simpler and safer.}) 26. hxg4 Qh4+ 27. Kg1 Qxg4 28. Rf3 $16 {1-0
Bocharov,D (2574)-Tkachiev,V (2625)/Kazan RUS 2005}) 14. b3 Nxe4 15. Bxe4 Bf5 (
15... Bxh3 $5) 16. Bxf5 Rxe3 17. Nd5 Rxe2 18. Qxe2 Nd4 19. Qd3 Nxf5 20. g4 $2 (
20. Rae1 $16) 20... Bxa1 21. Rxa1 c6 $17 {0-1 Vakhidov,T (2517)-Nisipeanu,L 
(2692)/Dubai UAE 2004}) ({I like even more a similar idea:} 11. b3 Nc5 12. Be3
a4 13. Rb1 axb3 14. axb3 f5 15. b4 Nxe4 16. Nxe4 fxe4 17. Nf4 Bf5 18. Qd5+ Kh8
19. Bxe4 Qe8 20. Bxf5 Rxf5 21. Qg2 Ne5 22. Qxb7 Nxc4 23. Ne6 Rb5 24. Qf3 {
1/2 Drasko,M (2540)-Sebenik,M (2479)/Bled SLO 2008. with a slight advantage.})
11... Nc5 12. Be3 ({When the rook is placed on b1, then it would be preferable
to play} 12. b3 f5 13. Be3 Nxe4 14. Nxe4 fxe4 15. Bxe4 Qe7 16. Bd5+ Kh8 17. Qd2
Bf5 18. Rbd1 $6 ({Another good option was} 18. Rbc1 Rae8 19. Nd4 Nxd4 20. Bxd4
b6 21. Bc6 Rd8 22. Rce1 Qf7 23. Re3 $16 {Maiorov,N -Belov,V ,/Rijeka 2010}) ({
but the most aggressive continuation would be} 18. Rbe1) 18... Bg4 (18... a4
19. Nd4 Nxd4 20. Bxd4 Bxd4 21. Qxd4+ Qg7 22. Qxg7+ Kxg7 23. Bxb7 Rab8 24. Bd5
axb3 25. axb3 Rxb3 26. Ra1 {led to a small advantage for White in the endgame.}
) 19. f3 Rae8 20. fxg4 Qxe3+ 21. Qxe3 Rxe3 22. Rxf8+ Bxf8 23. Rf1 Bg7 24. Nf4
Nd8 25. Rd1 Re8 26. Bf3 Be5 27. Nd3 Bd4+ 28. Kg2 Kg7 29. h4 h6 30. Nf4 Be5 31.
Nd5 Ne6 32. h5 c6 33. Ne3 Ng5 34. hxg6 Nxf3 35. Kxf3 Kxg6 36. Nf5 Re6 37. Rh1
Bg7 38. Rd1 Be5 39. Rh1 Bg7 40. Rd1 Be5 {1/2 Ozturk,K (2264)-Lahno,K (2522)/
Antakya 2010}) 12... a4 13. f4 ({Much more solid and logical was} 13. b4 axb3
14. axb3 Nb4 15. Qd2 Re8 16. Rfd1 {trying to play on the central file.}) 13...
Be6 (13... Nb4 {was possible, with the idea to exploit the weakened d3-square.}
) 14. Nd5 Bg4 (14... Re8 {would lead to a complete positional mess:} 15. Nec3
Na5 16. f5) 15. h3 Bxe2 16. Qxe2 Re8 {Black provokes e4-e5 - the position
becomes extremely sharp.} 17. e5 Nd7 18. Qf2 ({Strange - what was Cmilyte
afraid of? She could create a weakness on d6 with very comfortable play:} 18.
exd6 cxd6 19. Qf2) 18... dxe5 19. f5 $2 ({White could try to obtain
compensation for the pawn with the help of total centralisation:} 19. Rbd1 f5
20. Rd2 Qc8 21. Rfd1 Nf6 22. Nxf6+ Bxf6 23. Bd5+ Kh8 24. Bc5) 19... Nd4 20. f6
Bf8 {At the moment everything is OK for Cmilyte, but in developments after
c7-c6 White's centralisation will be destroyed.} 21. Bg5 Bc5 ({It was simpler
to start this process immediately:} 21... h6 22. Ne7+ Kh7 23. Be3 Ra6) 22. Kh2
({It was necessary to insist on her own attack, but the outcome is not
optimistic for White anyhow.} 22. Ne7+ Kh8 23. Kh2 Ne6 24. Be3 c6 25. Rbd1 Bxe3
26. Qxe3 Qb6 27. Qh6 Ndf8 28. Nd5 cxd5 29. cxd5 Red8) 22... Ne6 23. Be3 c6 24.
Bxc5 Ndxc5 25. Qe3 (25. Ne7+ Kh8 26. Qe2 Qd6 27. Rbd1 Nd4 28. Qg4 Rxe7 29. fxe7
Qxe7 {After sacrificing an exchange for two pawns Black would keep a
comfortable advantage.}) 25... Kh8 26. Qh6 Qd6 27. Ne7 Rad8 28. Rbd1 ({A last
attacking resource would not help:} 28. Bd5 cxd5 29. cxd5 Ne4 30. dxe6 Qd2+ 31.
Qxd2 Rxd2+ 32. Kg1 fxe6) 28... Qxd1 29. Rxd1 Rxd1 30. h4 Nd7 31. Bh3 Nxf6 $1 {
Now Paehtz correctly calculated the tactical developments:} 32. Bxe6 Rd6 $1 33.
Nxg6+ fxg6 34. Bh3 Rd4 ({The direct exploitation of the passed pawn:} 34... e4
{would be premature:} 35. Qf4 Red8 36. Qe5) 35. Qg5 Kg7 36. b3 axb3 37. axb3 e4
{Now the black pawn has started to move - White has no counterchances against
it.} 38. Qe3 Rd3 39. Qb6 Re7 40. Qc5 Kf7 41. h5 Rd2+ 42. Kg1 e3 43. hxg6+ hxg6
44. Bf1 e2 45. Bxe2 Rexe2 46. Kf1 Ng4 0-1